Statistics for Borussia Dortmund Facts

Click here to take the quiz!

General Stats

  • This quiz has been taken 234 times
  • The average score is 5 of 12

Answer Stats

HintAnswer% Correct
When was Borussia Dortmund Founded?1909
92%
where do they play?Signal Iduna Park
83%
How many times have they won the Bundesliga8 times
57%
what nationallity is AubameyangGabon
54%
who is their current manager?Jurgen Klopp
40%
how much does their stadium hold80,000
37%
On what date was it founded?19th December
26%
When did they win the Champions League1996/1997
24%
who is their chairman?hans-joachim watzke
19%
who is their president?Reinhard Rauball
16%
What is their nickname?Die Schwarzgelben
9%
who wears the number fourteen currently 13/14Milos Jojic
6%

Score Distribution

Percentile by Number Answered

Percent of People with Each Score

Your Score History

You have not taken this quiz